Intellectual Between Tradition Modernity (Record no. 10654)

MARC details
000 -LEADER
fixed length control field 00609nam a2200241 a 4500
020 ## - INTERNATIONAL STANDARD BOOK NUMBER
ISBN
082 00 - DEWEY DECIMAL CLASSIFICATION NUMBER
Classification number 301.0954
Author Cutter SHI
100 ## - MAIN ENTRY--AUTHOR NAME
Author name Shils, Edwards
245 ## - TITLE STATEMENT
Title Intellectual Between Tradition Modernity
Sub title the Indian Situation
260 ## - PUBLICATION, DISTRIBUTION, ETC. (IMPRINT)
Place of publication Hague
Name of publisher Mouton Publisher
Year of publication 1961
300 ## - PHYSICAL DESCRIPTION
Number of Pages 120p
500 ## - GENERAL NOTE
General note includes index and biblioraphy
505 2# - FORMATTED CONTENTS NOTE
Formatted contents note Index
650 ## - SUBJECT ADDED ENTRY--TOPICAL TERM
Topical Term Sociology-India
942 ## - ADDED ENTRY ELEMENTS (KOHA)
Koha item type Books
700 1# -
-- Shils, Edwards
Holdings
Collection code Home library Current library Date acquired Cost, normal purchase price Full call number Accession Number Koha item type
  Henry Martyn Institute Library Henry Martyn Institute Library 08/01/2007 100.00 301.0954 SHI 015326 Books
                   Copyright © 2026 | Henry Martyn Institute | Hyderabad | TS-500052 | INDIA | Implemented by hmi.edu.in
Hit-Count:

Powered by Koha